Normal view
MARC view
- YADAV [VIKASH]
Entry Personal Name
001 - CONTROL NUMBER
- control field: 35636
003 - CONTROL NUMBER IDENTIFIER
- control field: OSt
005 - DATE AND TIME OF LATEST TRANSACTION
- control field: 20260604102021.0
008 - FIXED-LENGTH DATA ELEMENTS
- fixed length control field: 260604|| aca||aabn | a|a d
040 ## - CATALOGING SOURCE
- Original cataloging agency: OSt
- Transcribing agency: OSt
100 ## - HEADING--PERSONAL NAME
- Personal name: YADAV [VIKASH]
670 ## - SOURCE DATA FOUND
- Source citation: Work cat.: (OSt)8460: YADAV [VIKASH], LIBERALISM'S LAST MAN: HAYEK IN THE AGE OF POLITICAL CAPITALISM